Największe miasta Brazylii A-Z - Statystyki

Ogólne statystyki
  • Ten quiz został rozwiązany 35 razy
  • Średni wynik to 6 z 25
Statystyki odpowiedzi
Litera Populacja Miasto % Poprawnych
S 11 mln Sao Paulo
91%
R 6 mln Rio de Janeiro
84%
P 1,4 mln Porto Alegre
69%
B 2,5 mln Brasilia
63%
F 2,4 mln Fortaleza
59%
K 1,7 mln Kurytyba
53%
M 1,8 mln Manaus
50%
G 1,5 mln Goiania
38%
C 1,1 mln Campinas
25%
O 0,7 mln Osasco
13%
A 0,7 mln Aracaju
9%
H 0,2 mln Hortolandia
9%
L 0,5 mln Londrina
9%
U 0,6 mln Uberlandia
9%
J 0,8 mln Joao Pessoa
6%
T 0,9 mln Teresina
6%
D 0,9 mln Duque de Caxias
3%
N 0,9 mln Nova Iguacu
3%
E 0,2 mln Embu das artes
0%
I 0,3 mln Itaquaquecetuba
0%
Q 0,1 mln Queimados
0%
V 0,4 mln Vila Velha
0%
W 19 tys. Wenceslau Braz
0%
X 46 tys. Xique-Xique
0%
Z 52 tys. Ze Doca
0%
Nie znaleziono quizów pasujących do podanych kryteriów
Rozkład punktacji
Procent ludzi z każdym wynikiem
Percentyl według liczby udzielonych odpowiedzi
Twoja historia wyników
Nie rozwiązałeś tego quizu